01333cam a22003617a 4500003000500000005001700005008004100022010001000063011001000073020001800083035001100101040000900112082001500121100003200136245010700168260005600275300003700331590004100368590004100409590004100450590004200491650002000533650003800553650002900591650002700620650002700647650002600674901000700700942001000707949008300717999001700800952015400817CHAP20220817044214.0080326d2006 us a r 00110 eng d a94644 a95616 a9781578084265 a106244 cCHAP00a634.9bW641 aWojtkowski, Paul A.912241210aUndoing the damage :bsilviculture for ecologists and environmental scientistsc/by Paul A. Wojtkowski aEnfield, New Hampshire :bScience Publishers,c2006 aviii, 313 p. :bilus. ; gráfs. aBATCH-UPDb10c20130110lUCH01h0612 aBATCH-UPDb10c20130410lUCH01h0254 aBATCH-UPDb10c20130914lUCH01h0703 aCONVERSIONb10c20130109lUCH01h135214aBosques.91400214aBosquesxAdministración.91400314aBosquesxPreservación.14aMedio ambiente.97406514aOrganización.98353314aSilvicultura.9106109 aBK cLIBRO a634.9 W64bBCcLIBROd33724002053389eLIBROgI.c/eh109276i106244sit$520.13 c94644d94644 00102ddc4052708GRALaBCbBCcPP_GRALd2019-12-31eI.c/efLIBROl1o634.9 W64p33724002053389r2024-11-18 10:57:26s2024-11-14w2019-12-31yLIBRO